000 00357nam a2200169Ia 4500
100 _aBrenner/Henry
650 _aPhilosophy
942 _cBK
366 _f25
654 _ajoyfully
245 _aArt of living Joyfully
260 _bBetter Yourself Books
_aBandra
_c1942
082 _a170/BRE
_bBRE
300 _a88
546 _aENGLISH
999 _c22504
_d22504